Statistiken für Wahlkreise des Kantons Luzern

Klicken Sie hier um das Quiz zu spielen!

Allgemein

  • Dieses Quiz wurde 38 mal gespielt
  • Das Durchschnittsergebnis liegt bei 5 aus 6

Antwortstatistiken

Wahlkreis% Korrekt
Sursee
96%
Entlebuch
93%
Hochdorf
93%
Willisau
93%
Luzern-Stadt
85%
Luzern-Land
70%

Verteilung der Resultate

Perzentil nach korrekt beantworteten Fragen

Anzahl Personen mit jedem Resultat

Ihre Resultats-Entwicklung

Sie haben dieses Quiz noch nicht gespielt